Μαθήματα διακοσμητικής

Saved in:
Bibliographic Details
Format: Book
Language:Greek
Published: Αθήνα : ΑΚΤΟ, 1983-1984
Edition:2η έκδ.
Subjects:
Tags: Add Tag
No Tags, Be the first to tag this record!

MARC

LEADER 00000cam a2200000 i 4500
001 1/27728
008 130322m19831984 gre d
035 |l 10114068 
040 |a GR-MY-UA  |b gre  |e aacr 
041 0 |a gre 
082 0 |a 729  |2 (22) 
245 1 0 |a Μαθήματα διακοσμητικής 
250 |a 2η έκδ. 
260 |a Αθήνα :   |b ΑΚΤΟ,   |c 1983-1984 
300 |a 5τ.;  |b εικ.;  |c 34 εκ. 
650 0 0 |a Interior decoration. 
650 0 0 |a Architecture, Domestic  |x Designs and plans. 
650 0 0 |a Architectural design. 
852 |a INST  |b SYROS  |e 20130322  |h 729 ΜΑΘ  |p 005500010615  |q 005500010615  |t BK  |y 0  |z τ.2 
852 |a INST  |b SYROS  |e 20130322  |h 729 ΜΑΘ  |p 005500010616  |q 005500010616  |t BK  |y 0  |z τ.3 
852 |a INST  |b SYROS  |e 20130322  |h 729 ΜΑΘ  |p 005500010617  |q 005500010617  |t BK  |y 0  |z τ.4 
852 |a INST  |b SYROS  |e 20130322  |h 729 ΜΑΘ  |p 005500010618  |q 005500010618  |t BK  |y 0  |z τ.5 
852 |a INST  |b SYROS  |e 20130322  |h 729 ΜΑΘ  |p 005500010615  |q 005500010615  |t BK  |v τ.2:  |y 0  |z τ.2 
852 |a INST  |b SYROS  |e 20130322  |h 729 ΜΑΘ  |p 005500010616  |q 005500010616  |t BK  |v τ.3:  |y 0  |z τ.3 
852 |a INST  |b SYROS  |e 20130322  |h 729 ΜΑΘ  |p 005500010617  |q 005500010617  |t BK  |v τ.4:  |y 0  |z τ.4 
852 |a INST  |b SYROS  |e 20130322  |h 729 ΜΑΘ  |p 005500010618  |q 005500010618  |t BK  |v τ.5:  |y 0  |z τ.5 
853 |a INST  |b SYROS  |h 729 ΜΑΘ 
901 |a BIBL5-2013-1 
909 |a Ε  |b 174153 
909 |a Ε  |b 174154 
909 |a Ε  |b 174155 
909 |a Ε  |b 174156 
970 |a ΚΟΝΤΟΥ  |b ΠΑΡΑΣΚΕΥΗ  |z 2013/03/22